| 000 | 01223cam a22002891i 4500 | ||
|---|---|---|---|
| 003 | SA-RiAUC | ||
| 005 | 20260111132818.0 | ||
| 008 | 260107s1993 ua g 0000m ara c | ||
| 020 | _a9775050958 | ||
| 040 |
_aSA-JeALM _bara _cSA-RiAUC _erda |
||
| 050 | 1 | 4 | _bA17 1993 |
| 050 | 0 | 0 | _bM34 1993 |
| 082 | 0 | 4 |
_a810.9 _qSA-RiAUC |
| 090 |
_a810.9 _bش م س |
||
| 100 | 1 |
_aشمس الخلافة، جعفر بن محمد بن شمس الخلافة، _d543-622 هجري _eمؤلف. |
|
| 245 | 1 | 0 |
_aكتاب الآداب / _cلجعفر بن شمس الخلافة مجد الملك ؛ عنى بتصحيحه وضبط ألفاظه وتفسيرها محمد أمين الخانجي. |
| 246 | 3 | 0 | _aالآداب |
| 250 | _aالطبعة الثانية. | ||
| 264 | 1 |
_aالقاهرة : _bمكتبة الخانجي، _c1993 |
|
| 300 |
_a158 صفحة ؛ _c24 سم |
||
| 336 |
_aنص _btxt _2rdacontent _3كتاب |
||
| 337 |
_aبدون وسيط _bn _2rdamedia |
||
| 650 | 7 |
_aالأدب العربي _xتاريخ ونقد _2aucsh |
|
| 700 | 1 |
_aالخانجي، محمد أمين بن عبد العزيز، _d1282-1358 هجري _eمراجع. |
|
| 942 |
_2ddc _cBOOK _n0 |
||
| 949 |
_aSA-JeALM _d260107 _uosman123 _n1 |
||
| 999 |
_c13983 _d13983 |
||